| 000 | 01438nam a2200361Ia 4500 | ||
|---|---|---|---|
| 001 | ebr10355633 | ||
| 003 | CaPaEBR | ||
| 006 | m u | ||
| 007 | cr cn||||||||| | ||
| 008 | 090326s2009 maub s 000 0deng d | ||
| 010 | _z 2009013015 | ||
| 020 | _z9780807000618 (hardcover : alk. paper) | ||
| 040 |
_aCaPaEBR _cCaPaEBR |
||
| 035 | _a(OCoLC)647833133 | ||
| 050 | 1 | 4 |
_aDS489 _b.B26 2009eb |
| 100 | 1 |
_aBarker, Adele Marie, _d1946- |
|
| 245 | 1 | 0 |
_aNot quite paradise _h[electronic resource] : _ban American sojourn in Sri Lanka / _cAdele Barker. |
| 260 |
_aBoston : _bBeacon Press, _cc2009. |
||
| 300 |
_a303 p. : _bmap. |
||
| 533 |
_aElectronic reproduction. _bPalo Alto, Calif. : _cebrary, _d2010. _nAvailable via World Wide Web. _nAccess may be limited to ebrary affiliated libraries. |
||
| 600 | 1 | 0 |
_aBarker, Adele Marie, _d1946- _xTravel _zSri Lanka. |
| 650 | 0 |
_aEthnic conflict _zSri Lanka. |
|
| 650 | 0 |
_aWar and society _zSri Lanka. |
|
| 650 | 0 |
_aTsunamis _zSri Lanka. |
|
| 650 | 0 | _aIndian Ocean Tsunami, 2004. | |
| 650 | 0 |
_aTeachers _zSri Lanka _vBiography. |
|
| 651 | 0 |
_aSri Lanka _xDescription and travel. |
|
| 651 | 0 |
_aSri Lanka _xEthnic relations. |
|
| 651 | 0 |
_aSri Lanka _xHistory _yCivil War, 1983-2009. |
|
| 655 | 7 |
_aElectronic books. _2local |
|
| 710 | 2 | _aebrary, Inc. | |
| 856 | 4 | 0 |
_uhttp://site.ebrary.com/lib/rucke/Doc?id=10355633 _zAn electronic book accessible through the World Wide Web; click to view |
| 999 |
_c107311 _d107311 |
||